Kurzové rozdiely

Charakteristika právnych predpisov podľa ktorých sa postupuje pri účtovaní o majetku a záväzkoch v cudzej mene: zákon č. 431/2002 Z. z. o účtovníctve, opatrenie Ministerstva financií SR č.23054/2002-92 o postupoch účtovania. Príklad účtovania rozdielov vo valutovej pokladnici s použitím ocenenia NBS...

ver descrição completa

Na minha lista:
Detalhes bibliográficos
Autor principal: Sklenka, Miloš
Formato: Capítulo de Livro
Idioma:eslovaco
Assuntos:
Tags: Adicionar Tag
Sem tags, seja o primeiro a adicionar uma tag!

MARC

LEADER 00000naa$a2200000$$$4500
001 0058181
005 20240502071643.6
041 0 |a slo 
044 |a SK 
245 1 0 |a Kurzové rozdiely  |c Miloš Sklenka 
520 |a Charakteristika právnych predpisov podľa ktorých sa postupuje pri účtovaní o majetku a záväzkoch v cudzej mene: zákon č. 431/2002 Z. z. o účtovníctve, opatrenie Ministerstva financií SR č.23054/2002-92 o postupoch účtovania. Príklad účtovania rozdielov vo valutovej pokladnici s použitím ocenenia NBS. 
610 2 0 |a účtovanie 
610 2 0 |a predpisy právne 
610 2 0 |a majetok 
610 2 0 |a záväzky podniku 
100 1 |a Sklenka, Miloš